Match the 196 countries with their continents (Click Quiz) - Statistics

General Stats
  • This quiz has been taken 131 times
  • The average score is 142 of 196
Answer Stats
Hint Extra Hint Answer % Correct
Kenya Africa
81%
Nepal Asia
81%
Ukraine Europe
81%
Gabon Africa
79%
Niger Africa
79%
Zimbabwe Africa
79%
South Korea Asia
79%
Malaysia Asia
79%
United Kingdom Europe
79%
Algeria Africa
77%
Cape Verde Africa
77%
Chad Africa
77%
Egypt Africa
77%
China Asia
77%
Qatar Asia
77%
Thailand Asia
77%
Austria Europe
77%
Estonia Europe
77%
Liechtenstein Europe
77%
Luxembourg Europe
77%
Norway Europe
77%
Portugal Europe
77%
Slovenia Europe
77%
Vatican City Europe
77%
Saint Lucia North America
77%
Solomon Islands Oceania
77%
Botswana Africa
75%
Burkina Faso Africa
75%
Republic of the Congo Africa
75%
Ghana Africa
75%
Equatorial Guinea Africa
75%
Nigeria Africa
75%
Central African Republic Africa
75%
South Sudan Africa
75%
Zambia Africa
75%
Ethiopia Africa
75%
Bangladesh Asia
75%
Iran Asia
75%
Kuwait Asia
75%
Uzbekistan Asia
75%
Pakistan Asia
75%
Syria Asia
75%
Vietnam Asia
75%
Belgium Europe
75%
Bosnia and Herzegovina Europe
75%
Spain Europe
75%
Finland Europe
75%
Hungary Europe
75%
Italy Europe
75%
Moldova Europe
75%
Monaco Europe
75%
Netherlands Europe
75%
San Marino Europe
75%
Slovakia Europe
75%
Sweden Europe
75%
Canada North America
75%
Cuba North America
75%
United States North America
75%
Brazil South America
75%
South Africa Africa
74%
Eswatini Africa
74%
Guinea Africa
74%
Guinea-Bissau Africa
74%
Mauritius Africa
74%
Mauritania Africa
74%
Mozambique Africa
74%
Namibia Africa
74%
Uganda Africa
74%
Seychelles Africa
74%
Somalia Africa
74%
Senegal Africa
74%
Democratic Republic of the Congo Africa
74%
Afghanistan Asia
74%
Cambodia Asia
74%
India Asia
74%
Indonesia Asia
74%
Iraq Asia
74%
Israel Asia
74%
Jordan Asia
74%
Kazakhstan Asia
74%
Kyrgyzstan Asia
74%
Mongolia Asia
74%
Oman Asia
74%
Singapore Asia
74%
Tajikistan Asia
74%
United Arab Emirates Asia
74%
Germany Europe
74%
Croatia Europe
74%
France Europe
74%
Greece Europe
74%
Iceland Europe
74%
Kosovo Europe
74%
Latvia Europe
74%
Lithuania Europe
74%
Poland Europe
74%
Romania Europe
74%
Serbia Europe
74%
Switzerland Europe
74%
Antigua and Barbuda North America
74%
Bahamas North America
74%
Costa Rica North America
74%
Guatemala North America
74%
Jamaica North America
74%
Trinidad and Tobago North America
74%
Federated States of Micronesia Oceania
74%
Argentina South America
74%
Bolivia South America
74%
Chile South America
74%
Colombia South America
74%
Paraguay South America
74%
Peru South America
74%
Uruguay South America
74%
Venezuela South America
74%
Angola Africa
72%
Cameroon Africa
72%
Comoros Africa
72%
Ivory Coast Africa
72%
Lesotho Africa
72%
Liberia Africa
72%
Madagascar Africa
72%
Malawi Africa
72%
Mali Africa
72%
Rwanda Africa
72%
Sierra Leone Africa
72%
Sudan Africa
72%
Tanzania Africa
72%
Saudi Arabia Asia
72%
Bahrain Asia
72%
Bhutan Asia
72%
Myanmar Asia
72%
North Korea Asia
72%
Japan Asia
72%
Lebanon Asia
72%
Philippines Asia
72%
Denmark Europe
72%
Ireland Europe
72%
North Macedonia Europe
72%
Czech Republic Europe
72%
Panama North America
72%
Australia Oceania
72%
Kiribati Oceania
72%
New Zealand Oceania
72%
Palau Oceania
72%
Tuvalu Oceania
72%
Gambia Africa
70%
Libya Africa
70%
Morocco Africa
70%
Eritrea Africa
70%
Azerbaijan Asia
70%
Georgia Asia
70%
Maldives Asia
70%
Sri Lanka Asia
70%
Taiwan Asia
70%
East Timor Asia
70%
Turkmenistan Asia
70%
Yemen Asia
70%
Andorra Europe
70%
Belarus Europe
70%
Bulgaria Europe
70%
Malta Europe
70%
Montenegro Europe
70%
Barbados North America
70%
Grenada North America
70%
Haiti North America
70%
Honduras North America
70%
Mexico North America
70%
Saint-Kitts-et-Nevis North America
70%
Nauru Oceania
70%
Samoa Oceania
70%
Tonga Oceania
70%
Vanuatu Oceania
70%
Marshall Islands Oceania
70%
Suriname South America
70%
Djibouti Africa
68%
São Tomé and Principe Africa
68%
Tunisia Africa
68%
Brunei Asia
68%
Laos Asia
68%
Turkey Asia
68%
Dominica North America
68%
Nicaragua North America
68%
Saint Vincent and the Grenadines North America
68%
Papua New Guinea Oceania
68%
Ecuador South America
68%
Benin Africa
66%
El Salvador North America
66%
Fiji Oceania
66%
Guyana South America
66%
Burundi Africa
64%
Togo Africa
64%
Albania Europe
64%
Dominican Republic North America
64%
Armenia Asia
62%
Cyprus (Hint : Which continent is Cyprus geographically closest to ?) Asia
60%
Belize North America
58%
Russia (Hint : On which continent does Russia extend the most ?) Asia
42%
No matching quizzes found
Score Distribution
Percent of People with Each Score
Percentile by Number Answered
Your Score History
You have not taken this quiz